Azur Lane Ship Quiz - Iris Libre - Statistics

General Stats
  • This quiz has been taken 8 times
  • The average score is 12 of 27
Answer Stats
Rarity Shipgirl % Correct
SR Richelieu
100%
UR Alsace
71%
Priority Saint Louis
71%
Priority Bayard
57%
Decisive Brest
57%
Priority Champagne
57%
SR Jeanne d'Arc
57%
SR Le Hardi
57%
Elite Le Téméraire
57%
Elite Le Téméraire μ
57%
SR Le Terrible
57%
SR Le Triomphant
57%
Elite Surcouf
57%
Elite Béarn
43%
SR Bois Belleau
43%
SR Brennus
43%
Elite Émile Bertin
43%
SR Guichen
43%
Elite Lyon
43%
Elite Suffren
43%
Rare Forbin
29%
SR Painlevé
29%
Elite Duguay-Trouin
14%
Elite L'Opiniâtre
14%
Elite Maillé Brézé
14%
SR Masséna
14%
Elite Duquesne
0%
No matching quizzes found
Score Distribution
Percent of People with Each Score
Percentile by Number Answered
Your Score History
You have not taken this quiz